000 01118nam a2200241 i 4500
001 167686
003 ES-MaACL
005 20230906213556.0
008 981217s1793 sp |||| | spa d
040 _aAN
_bspa
_cAN
100 0 _aVirgilio Marón, Publio.
_9115452
245 1 3 _aLa eneyda /
_ctrad. en verso castellano por Gregorio Hernández de Velasco. y el Suplemento de la Eneyda compuesto por Mapheo Veggio ; trad. por el mismo Velasco ; con una tabla que contiene la declaración de varios vocablos dificultosos.
260 _aEn Valencia :
_ben la Oficina de D. Benito Monfort ... :
_bse hallará en la misma imprenta,
_c1793.
300 _a2 v. ([8], 400, 426 p.) ;
_c16 cm.
530 _aDisponible en formato digital.
597 _aSign.: [ ]4, A-2B8 ; A-Z8, 2A-2C8, 2D5.
597 _aAntep.
700 1 _aHernández de Velasco, Gregorio.
_9127911
700 1 _aVeggio, Mapheo.
_9133585
852 _aES-MaACL
_jR-1001-02
_z-- Enc. pasta española
_x-- Olim: G-9938-9
856 _uhttp://bdh-rd.bne.es/viewer.vm?id=0000172132&page=1
_zBiblioteca Digital Hispánica
999 _c167686
_d167686